MDQL
is popping MORE tags! Check the
thread
!
Quizzes
Events
Quiz Creation
Community
Videos
Private Events
Remove Ads
Sign In
Join for FREE
Feedback
Dark Mode
Quiz Categories
Sports
Geography
Music
Movies
Television
Just For Fun
Miscellaneous
History
Literature
Language
Science
Gaming
Entertainment
Religion
Holiday
For Kids
Quiz Lab
Recent
Popular Today
Quiz Kudos Today
Editor Picks
Curator Picks
Quizzes by...
Day
Popularity
Type
Ratings
Length
Year
Community
Subscriptions
Recent Discussions
Orange Saloon
Badges
Playlists
Quests
Create
Leaderboards
Showdown
Live 5
Trivia Bingo
Activity
Puzzle Library
Sporcle Events
Private Events
Virtual Trivia
Globe League
Become a Host
Pub Owners
SporcleCon
Opinionation
Our Games
Videos
Blog
Mobile Apps
Partnerships
Remove Ads and Go Orange
Feedback
Geography
Country
Landmarks
City
State
Population
World
Capital
Continent
Flags
Europe
Africa
Asia
South America
North America
Oceania
Border
Canada
United Kingdom
Topography
United States
Geography
Country
Landmarks
City
State
Population
World
Capital
Continent
Flags
Europe
Africa
Asia
South America
North America
Oceania
Border
Canada
United Kingdom
Topography
United States
Random Quiz
Search Sporcle
×
Quiz Lab
Quiz Lab
Geography
Suggested
Type in answers that appear in a list
Type in answers that appear in a list
Classic
Best Score? Go Orange.
The numbers in geography Stats
Can you name the geographic places suggested by clues?
By
bitex3
7m
46 Questions
315 Plays
315 Plays
315 Plays
Comments
Comments
Give Quiz Kudos
Give Quiz Kudos
-
- Ratings
hide this ad
More Info
Replay
Link that replays current quiz
Next Quiz
Link to next quiz in quiz playlist
You Got
0%
They Got
Avg Score
23%
Avg Friend Score
Upgrade to see
Score Distribution
Jump to the score distribution portion of the page
Score
0/46
Timer
07:00
0
Plays Today
Answers
% Correct
UNITED STATES - With reference to the signers of the Declaration of Independence in 1776.
57.1%
MINNESOTA - No exaggeration: there are 11,842 lakes over 10 acres (0.040 km2) in size.
55.2%
CHINA - A red field (representing revolution) charged with 5 golden stars (for the unity of the Chinese people under the leadership of the Communist Party of China.)
52.7%
JAPAN - So called because in the area at the base of Mount Fuji, there are 5 lakes formed by its previous eruptions.
50.5%
MONTREAL - Renowned for its numerous churches, among which there is the Oratory (the largest church in Canada).
49.2%
INDIA - Also called 'Paradise Unexplored', the 7 states are: Arunachal Pradesh, Assam, Meghalaya, Manipur, Mizoram, Nagaland and Tripura.
47%
RUSSIA - Used in economics, to refer to Brazil, Russia, India and China, which are all deemed to be at a similar stage of newly advanced economic development.
46.3%
HUNGARY - From a later 7th century Bulgar alliance called 'On-Ogour', which in Old Turkish meant '(the) Ten Arrows'.
44.1%
DOMINICA - The 10 stars stand for the 10 parishes of the country. The sisserou parrot is the national bird emblem.
43.2%
MOUNT SINAI - Mentioned many times in the Book of Exodus in the Torah and the Bible.
41.3%
AUSTRIA - Bundesländer (Federal States) is often used to avoid ambiguity with the German 'Länder'.
40%
FLORIDA - Big Eight States is used to refer to the most populous states in the United States. With a population of 18,801,310 in 2010, Florida is the 5th one.
39.7%
VIRGINIA - Of course there are 5 sides, but even 5 military branches: Navy, Air Force, Army, Marine Corps, Coast Guard.
37.5%
DELAWARE - First state to ratify the Constitution.
36.5%
CHICAGO - From a book published by writer A.J.Liebling. Or 2nd with reference to the Great Chicago Fire of 1871 (the 1st being pre-fire).
35.9%
FRANCE - Because of the geometric shape of its territory.
33.7%
HONG KONG - Urban area comprising the Kowloon Peninsula. The 9 dragons represent eight peaks and a Chinese emperor.
31.4%
VICTORIA - Their proximity to one another has made the site a popular tourist attraction and a national landmark.
30.2%
CAIRO - For its preponderance of Islamic architecture.
27%
MACEDONIA - The eight-rayed sun represents 'the new sun of Liberty'.
27%
ANTUGUA AND BARBUDA - Due to the many beaches surrounding the land.
23.5%
MICRONESIA - The FSM consist of 4 states: Yap, Chuuk, Pohnpei and Kosrae.
21.6%
TEXAS - With reference to the six nations that have had sovereignty over some or all of its current territory: Spain, France, Mexico, Republic of Texas, USA, CSA.
19%
Answers
% Correct
GLASGOW - Because with the Industrial Revolution, the city acquired a huge importance of and wealth from its shipbuilding industry.
18.1%
TRIPOLI - From Greek: 'tri-' (three) + 'polis' (town).
17.1%
COLORADO - Admitted to the Union in 1876, the centennial year of the Declaration of Independence.
16.2%
SUCRE - Charcas (indigenous name), La Plata (Spanish colonial name), Chuquisaca (during the independence era), Sucre (in honour of Don Antonio José de Sucre)
16.2%
TUVALU - 8 of its 9 slands were inhabited during pre-European-contact times; thus the name Tuvalu.
15.9%
MOSCOW - Because Ivan III married the niece of the last Byzantine emperor: Rome
14.6%
UZBEKISTAN - Referred to historical traditions: the moon as a symbol of the independence and the stars as a connection with the ancient calendar-cycle of the sun.
13.7%
PRAGUE - For all of the churches, castles and towers around town.
11.4%
NORTHERN IRELAND - Because it consists of 6 of the 9 counties of the Irish province of Ulster.
11.1%
DODECANESE - From Ancient Greek: 'dodekanesos' (twelve islands): dodeka (twelve) + nesos (islands).
10.2%
PERU - It's an ancient monumental complex in the Ancash. The towers along the horizon corresponds very closely to the rising and setting positions of the Sun over the year.
8.6%
RWANDA - Due to its mountainous and irregular terrain.
6.3%
PORTUGAL - Fado (music), Fátima (religion) and Futebol (sport).
6%
MEKNES - For the numerous edifices, gates and mosques constructed under the reign of Moulay Ismail, when Meknes was the capital city.
5.4%
SITKA - For most of Alaska's first decade under the American flag, Sitka was the only community inhabited by American settlers and served as capital until 1906.
4.8%
BAHRAIN - Bahrain is the Arabic term for 'two seas'.
4.4%
BULGARIA - Group of lakes of glacial origin in the Rila Mountains, the highest mountain range of Bulgaria and the Balkans.
3.8%
COLOMBIA - Only country in South America with sides in the two oceans. The 3rd 'sea' are the shores of the Amazon River.
2.2%
PRINCES' ISLANDS - The islands constitute the Adalar District and are a popular tourist destination in summer.
1.9%
TRISTAN DA CUNHA - Regarded as the most remote permanent settlement in the world, being over 1500 mi / 2400 km from the nearest human settlement.
1.9%
ANTANANARIVO - Named by King Adrianjaka, from the number of soldiers assigned to guard the city.
1.3%
KOKOMO - For, among other achievements, being a pioneer of US automobile manufacturing (Elwood Haynes) and in the food industry (Kemp's canned tomato juice).
1%
SAINT PIERRE AND MIQUELON - Officially discovered in 1520 by the Portuguese João Álvares Fagundes on the feast day of St.Ursula and her virgin companions.
0.6%
Quiz Playlist
Details
Report
Send in Message
Add To Playlist
More Info:
Clues refer to geographic places around the world, that has a connection with numbers. Here is just a limited selection. Suggestions are welcome.
Classic:
Type in answers that appear in a list
Quiz Source
Last Updated: Feb 16, 2017
Quiz Scoreboard
CHALLENGE
Sign Up to Join the Scoreboard
Show All
Scores
Hide
Comments
May contain spoilers
Recently Published
1-10 Letter E Words III
by El_Dandy
Language
2m
Street Fighter Characters
by Artimus82
Gaming
60s
College Basketball Coaching Resumes
by pancakes188
Sports
9m
More to Explore
Quiz From the Vault
Featured Blog Post
Where Did the Easter Bunny Come From?
hide this ad
You Might Also Like...
Tags
place
Suggested
Today's Top Quizzes in Geography
Browse Geography
hide this ad
Today's Top Quizzes in Suggested
Browse Suggested
Top Contributed Quizzes in Geography
1
Countries of the World - No Outlines Minefield
2
Top 25 Cities of France on a map
3
Any capital of a 'B' country per Continent
4
Any capital of a 'C' country per Continent
5
Closest Countries to UK A-Z
6
Any capital of a 'D' country per Continent
7
5-to-1: US Geography No Hints
8
Any capital of an 'E' country per Continent
9
Find the US States - No Outlines
10
Any capital of an 'F' country per Continent
Explore More
Trending Topics
Anime
Disney
NBA
Marvel
Kpop
Crossword
Harry Potter
Song
The Office
Country
Pokémon
WWE
Puzzle
Soccer
NFL
hide this ad
More By:
bitex3
Quiz
Plays
Rating
Category
Featured
Created
How much do you know ITALY and ITALIANS?
775
4.22
Geography
Dec 30, 2010
Geographic groups in EURASIA
639
4.47
Geography
Nov 29, 2010
Countries by Phone Codes - EUROPE
590
3.00
Geography
Sep 9, 2010
Countries in the Schengen Area
432
4.00
Geography
Apr 28, 2011
Geography numbers
419
2.20
Geography
Oct 21, 2010
Go to Creator's Profile
Score Distribution
Quiz Creator Spotlight
bitex3
Follow
Send a Message
Quizzes Created
-
Created Quiz Play Count
-
More By This Creator
Popular Quizzes Today
1
Find the US States - No Outlines Minefield
2
Find the Countries of Europe - No Outlines Minefield
3
The Countries of the World
4
Find the US States
5
Risky Map Clicking: Biggest States A-Z
6
US States
7
Popular People in 1961
8
Movies - When Are They Set?
More Geography Quizzes
South American Country Letter Pair Blitz
Published
Trending Quizzes
Risky Map Clicking: Least Populous States A-Z
1-10 Letter G Words
USA Borders Longest to Shortest
1-10 Letter F Words
Countries of the World: 200 Million BC
Recently Updated
Leaping Animals
pecheneg
Reality TV Shows (A-Z)
bhenderson79
Rickey Henderson's Hall of Fame Teammates
pecheneg
Champions League XIs: Arsenal
pecheneg
Quick Pick: Celebrities in WWE's Hall of Fame
aduchscher
A-Z Keypad Blitz II
pecheneg
Multiple Oscar Actors
pecheneg
Mystery Phrase Blitz: Oscar 'Best Actors'
pecheneg
F. Scott Fitzgerald Novels
LTH
Pick 3 Villains
ddd62291
Trending Topics
Marvel
Anime
Disney
Harry Potter
Crossword
NBA
Kpop
WWE
Soccer
Puzzle
Pokémon
NFL
Country
Song
The Office
Your Account Isn't Verified!
In order to create a playlist on Sporcle, you need to verify the email address you used during registration. Go to your
Sporcle Settings
to finish the process.
Report this User
Report this user for behavior that violates our
Community Guidelines
.
Details:
Send Report
Go to the Sporcle.com Mobile Site →
Comments